000 00281nam a2200121Ia 4500
005 20251222154410.0
008 251222s9999||||xx |||||||||||||| ||spa||
020 _a84-8280-311-5
082 _a818.54/F28L
100 _a"Faulkner, William"
245 0 _aLuz de agosto
942 _cLIB
999 _c35634
_d35634